Avatar: The Last Airbender Opening Lyrics - Statistics

General Stats
  • This quiz has been taken 1,831 times
    1,441 since last reset
  • The average score is 48 of 85
Answer Stats
Opening Lyrics % Correct
Air
97%
Earth
97%
Fire
97%
Water
97%
Ago
90%
Long
90%
The
90%
Four
88%
Lived
88%
Nations
88%
Harmony
81%
In
81%
Together
80%
Fire
73%
Nation
73%
Attacked
72%
The
71%
When
69%
Changed
68%
Everything
67%
Then
67%
Avatar
66%
The
66%
Master
65%
All
64%
Elements
64%
Four
64%
Of
64%
Only
64%
Could
62%
But
61%
He
60%
Stop
60%
The
60%
When
60%
Him
59%
Most
59%
Needed
59%
Them
59%
Vanished
59%
World
59%
A
53%
Hundred
52%
Years
52%
And
51%
Brother
51%
I
51%
My
51%
Avatar
49%
The
49%
Airbender
48%
An
48%
And
48%
Discovered
48%
New
48%
Passed
48%
Aang
47%
Named
47%
The
42%
World
42%
Aang
41%
And
41%
Believe
41%
Can
41%
I
41%
Save
41%
Although
39%
A
38%
But
38%
He
38%
His
38%
Airbending
37%
Are
37%
Great
37%
Has
37%
Learn
37%
Lot
37%
Skills
37%
To
37%
Before
36%
Anyone
33%
He's
33%
Ready
33%
Save
33%
To
33%
No matching quizzes found
Score Distribution
Percent of People with Each Score
Percentile by Number Answered
Your Score History
You have not taken this quiz since the last reset